Classement perpétuel de la Serie A - Statistiques

Statistiques générales
  • Ce quiz a été pris 574 fois
  • Le résultat moyen est 14 sur 20
Statistiques - réponses
Top Nb Matchs Nb Points Club % Correct
3 3.013 5.200 AC Milan
100%
2 3.073 5.463 Inter Milan
100%
1 3.034 5.736 Juventus Turin
100%
4 3.033 4.752 AS Roma
96%
7 2.731 3.896 Lazio Rome
95%
6 2.577 3.945 SSC Napoli
95%
5 2.872 4.225 ACF Fiorentina
83%
8 2.642 3.726 Torino FC
77%
11 2.145 2.680 Atalanta BC
74%
12 1.897 2.333 Genoa CFC
71%
9 2.572 3.527 FC Bologna
70%
15 973 1.339 Parma Calcio 1913
69%
16 1.032 1.206 Palermo FC
66%
10 2.273 2.961 UC Sampdoria
65%
13 1.753 2.202 Udinese Calcio
60%
14 1.445 1.724 Cagliari Calcio
57%
19 1.018 1.071 SSC Bari
42%
18 1.053 1.150 Hellas Verona
29%
17 986 1.188 LR Vicenza
5%
20 879 1.036 US Triestina
3%
Aucun quiz correspondant
Distribution des résultats
% des personnes avec chaque résultat
Percentile par nombre de réponses
Votre historique - résultats
Vous n’avez pas pris ce quiz